| 000 -ლიდერი |
| ფიქსირებული სიგრძის საკონტროლო ველი |
01279nam a2200265Ia 4500 |
| 001 - საკონტროლო ნომერი |
| საკონტროლო ველი |
10742 |
| 003 - საკონტროლო ნომრის იდენტიფიკატორი |
| საკონტროლო ველი |
GE_BSU |
| 005 - ბოლო ოპერაციის თარიღი და დრო |
| საკონტროლო ველი |
20220927113519.0 |
| 008 - ფიქსირებული სიგრძის მონაცემთა ელემენტები - ზოგადი ინფორმაცია |
| ფიქსირებული სიგრძის საკონტროლო ველი |
181216s2011||||ge |||||||||||||| ||geo|| |
| 020 ## - წიგნის საერთაშორისო სტანდარტული ნომერი |
| International Standard Book Number |
9789941172823 |
| 040 ## - კატალოგიზაციის წყარო |
| Transcribing agency |
GE_BSU |
| 041 ## - ენის კოდი |
| Language code of text/sound track or separate title |
geo |
| 080 ## - უნივერსალური ათობითი კლასიფიკაციის ინდექსი |
| Universal Decimal Classification number |
334.758(075.8) ე–82 |
| 100 ## - მთავარი ჩანაწერი - პიროვნების სახელი |
| Personal name |
ერქომაიშვილი, გულნაზ |
| 9 (RLIN) |
2815 |
| 245 ## - ცნობა სათაურის შესახებ |
| Title |
ფირმის ეკონომიკა : თეორია და პრაქტიკა : |
| Remainder of title |
[სახელმძღვ. ეკონ. და ბიზნ. სპეც. სტუდ.] / |
| Statement of responsibility, etc |
გ. ერქომაიშვილი, ე. ხარაიშვილი ; [რედ. რ. გველესიანი] ; თსუ. |
| 264 ## - წარმოების, გამოცემის, დისტრიბუციის და სხვა ცნობები |
| გამოცემის, წარმოების, დისტრიბუციის... ადგილი |
თბილისი: |
| გამოცემის, წარმოების, დისტრიბუციის... სახელწოდება |
უნივერსალი, |
| გამოცემის, წარმოების, დისტრიბუციის... თარიღი |
2011. |
| 300 ## - ფიზიკური აღწერა |
| Extent |
446 გვ.: |
| Other physical details |
სურ. ; |
| Dimensions |
20 სმ. |
| 501 ## - შენიშვნა თანმხლებ მასალაზე |
| With note |
დანართები: გვ. 411-445. |
| 504 ## - BIBLIOGRAPHY, ETC. NOTE |
| Bibliography, etc |
ბიბლიოგრ.: გვ. 409-410. |
| 653 ## - INDEX TERM--UNCONTROLLED |
| Uncontrolled term |
ფირმის ეკონომიკა |
| 700 ## - ADDED ENTRY--PERSONAL NAME |
| Personal name |
ხარაიშვილი, ეთერ |
| Relator term |
ავტორი |
| 9 (RLIN) |
14838 |
| 700 ## - ADDED ENTRY--PERSONAL NAME |
| Personal name |
გველესიანი, რ. |
| Relator term |
რედაქტორი |
| 9 (RLIN) |
4609 |
| 710 ## - ADDED ENTRY--CORPORATE NAME |
| Corporate name or jurisdiction name as entry element |
თსუ. |
| 9 (RLIN) |
14839 |
| 942 ## - ADDED ENTRY ELEMENTS (KOHA) |
| Koha item type |
წიგნი |
| Source of classification or shelving scheme |
|